000 00390nam a22001697a 4500
003 NUST - PNEC
005 20170116180828.0
008 150728b xxu||||| |||| 00| 0 eng d
020 _a-
040 _cLIBRARY
082 _a515 BOY
100 _94473
_aBoyce, William E.
245 _aCalculus
_cWilliam E. Boyce
260 _cc.1988
650 _94474
_aCalculus
_xME
942 _2ddc
_cBK
999 _c63944
_d63944